Normal view MARC view

Entry Personal Name

Number of records used in: 1

001 - CONTROL NUMBER

  • control field: 29804

003 - CONTROL NUMBER IDENTIFIER

  • control field: OSt

005 - DATE AND TIME OF LATEST TRANSACTION

  • control field: 20220214122109.0

008 - FIXED-LENGTH DATA ELEMENTS

  • fixed length control field: 220214|| aca||aabn | a|a d

040 ## - CATALOGING SOURCE

  • Original cataloging agency: OSt
  • Transcribing agency: OSt

100 ## - HEADING--PERSONAL NAME

  • Personal name: Rao, Manisha

670 ## - SOURCE DATA FOUND

  • Source citation: Work cat.: (OSt)518699: Rao, Manisha , From the margins of the spice garden economy: Agroforestry and gendered practices in the western Ghats, Karnataka

Powered by Koha